Management Information System: Managing the Digital Firm (Record no. 2186)

MARC details
000 -LEADER
fixed length control field 00392nam a22001457a 4500
008 - FIXED-LENGTH DATA ELEMENTS--GENERAL INFORMATION
fixed length control field 250310b |||||||| |||| 00| 0 eng d
020 ## - INTERNATIONAL STANDARD BOOK NUMBER
ISBN 0227377980X
100 ## - MAIN ENTRY--AUTHOR
Author LAUDON, Kenneth C.
245 ## - TITLE STATEMENT
Title Management Information System: Managing the Digital Firm
250 ## - EDITION STATEMENT
Edition statement 12th
260 ## - PUBLICATION, DISTRIBUTION, ETC. (IMPRINT)
Place of publication England
Name of publisher Pearson Education Limited
Date of publication 2013
300 ## - COLLATION
Pagination 615p.
942 ## - ADDED ENTRY ELEMENTS (KOHA)
Item type Books
050 ## - LIBRARY OF CONGRESS CALL NUMBER
Classification number HD30.213
Item number .L38
Holdings
Source of classification or shelving scheme Not for loan Permanent location Current location Date acquired Accession No. Full call number Barcode. Koha item type
Library of Congress Classification   Samuel Ogbemudia Main Library, University of Abuja Samuel Ogbemudia Main Library, University of Abuja 03/10/2025 2016/480558 HD30.213.L38 2025-0422 Books